Le comté de Foix de A à Z - Statistiques

Statistiques générales
  • Ce quiz a été pris 3 fois
  • Le résultat moyen est 7 sur 26
Statistiques - réponses
Lettre Question Réponse % Correct
L Ce roi ordonne la destruction des remparts de la ville de Saverdun acquise à la Réforme Louis XIII
100%
A Maison qui entre en possession du comté en 1484 Albret
67%
H Roi qui fait entrer le comté dans le domaine royal Henri IV
67%
J Mère de Henri IV, comtesse de Foix de 1555 à 1572 Jeanne
67%
M Grotte préhistorique traversée par une route et un cours d'eau. Elle a donné son nom à une culture préhistorique Mas d'Azil
67%
P Héritier actuel des comtes de Foix et coprince d'Andorre (fonction) Président de la République
67%
S Pierre exploitée dans la région jusqu'au début du XXe siècle pour les meubles à grain et les pierres à briquet Silex
67%
T Centre commercial important du comté au Moyen-âge Tarascon
67%
B Maison qui entre en possession du comté en 1548 Bourbon-Vendôme
33%
E Footballeur né à Foix en 1973 sélectionné 13 fois en équipe de France (prénom et nom) Eric Carrière
33%
G Maison qui entre en possession du comté en 1398 Grailly
33%
I Dernière héritière de la 1ère maison de Foix Isabelle
33%
C Le 1er comte de Foix, Bernard-Roger est aussi comte de Couserans
0%
D Révolte paysanne qui s'est déroulée en 1829-1830 dans la région, Guerre des Demoiselles
0%
F Ancien nom de Pamiers pendant l'antiquité Frédélas
0%
K Roman de Loup Durand publié en 1991 aussi connu sous le titre "Les cavaliers aux yeux verts"... La porte de Kercabanac
0%
N Rivière coulant en Ariège Nert | Najar
0%
O Oppidum situé à Saint-Jean-de-Verges dit la tour d'(...) Ope
0%
Q Matière des galets utilisés par les hommes préhistoriques installés dans la région Quartzite
0%
R Bastide construite à partir de 1288 comme symbole de la victoire contre l'hérésie cathare Roquefixade
0%
U Préhistorien qui a mis au jour des vestiges gallo-romains à Lézat-sur-Lèze (prénom et nom) Urbain Gondal
0%
V Peuple qui occupait le comté à l'époque gallo-romaine (2 mots) Volques Tectosages
0%
X Journaliste du Siècle et du Temps né en 1814 (prénom et nom) Xavier Durrieu
0%
Y Prénom déformé de St Cybard repris par le nom d'une commune Ybars
0%
W Joueur de rugby né en 1989 à Foix Yvan Watremez
0%
Z Gouverneur intérimaire de Montréal né à Saverdun vers 1608 (prénom et nom) Zacharie Dupuis
0%
Aucun quiz correspondant
Distribution des résultats
% des personnes avec chaque résultat
Percentile par nombre de réponses
Votre historique - résultats
Vous n’avez pas pris ce quiz